Statystyki dla Czy znasz wszystkich przywódców ZSRR?

Kliknij tutaj aby rozwiązać quiz!

Ogólne statystyki

  • Ten quiz został rozwiązany 138 razy
  • Średni wynik to 6 z 8

Statystyki odpowiedzi

Okres urzędowaniaOdpowiedź% Poprawnych
1922-1953Józef Stalin
99%
1922-1924Włodzimierz Lenin
97%
1985-1991Michaił Gorbaczow
84%
1953-1964Nikita Chruszczow
79%
1964-1982Leonid Breżniew
68%
1953-1953Ławrientij Beria
48%
1982-1984Jurij Andropow
43%
1984-1985Konstantin Czernienko
38%

Rozkład punktacji

Percentyl według liczby udzielonych odpowiedzi

Procent ludzi z każdym wynikiem

Twoja historia wyników

Nie rozwiązałeś tego quizu